000 00771nam a2200193Ia 4500
003 GCL
008 140319s9999 xx 000 0 ara d
040 _aGCL /
_cGCL
082 0 4 _a231
_bا ع
100 1 _aابن الصلاح : تقى الدين ابوعمرو عثمان بن عبدالرحمن بن موسى الشهرزورى الدمشقى
245 1 0 _aعلوم الحديث /
_cابن الصلاح : تقى الدين ابوعمرو عثمان بن عبدالرحمن بن موسى الشهرزورى الدمشقى
700 1 _aالشهرزورى, عثمان بن عبدالرحمن
700 1 _aنور الدين عتر
300 _a471 ص
490 _a
650 0 4 _aالحديث، علوم
650 0 4 _aالحديث - مصطلح
942 _2ddc
_cBK
999 _c37541
_d37541